000 01268nam a2200349 a 4500
001 000111974
003 CHAP
005 20220329144239.0
008 151112s2015 mx a |sm |||||||spa d
010 _a108435
011 _a109407
040 _cCHAP
090 _aTesis
100 1 _aAgustín Domínguez, Francisco
_9129999
245 1 0 _aImpacto del proyecto de milpa maya mejorada, en la fragmentación de la selva de Felipe Carrillo Puerto, Quintana Roo
_h[En línea]
_cpor Francisco Agustín Domínguez.
260 _aChapingo, Méx. :
_bEl autor,
_c2015.
500 _aPara ver el contenido del material haga clic en la liga
502 _aTesis (Ingeniero Forestal) -- UACH. División de Ciencias Forestales
590 _aBATCH
_b00
_c20181121
_lUCH01
_h0758
590 _aE5652GLJ
_b05
_c20151112
_lUCH01
_h0828
590 _aE5652GLJ
_b05
_c20151112
_lUCH01
_h0829
590 _aE5652GLJ
_b05
_c20151112
_lUCH01
_h0829
650 1 4 _aBiodiversidad
_xConservación.
_912726
650 1 4 _aMayas
_xAgricultura.
_973210
650 1 4 _aSubsidios.
_9110160
650 1 4 _aSuelos
_xRecuperación de.
_9110473
856 _a1
_n0000145
856 _aFinding aid
_uhttp://10.13.5.2/tesis/sist111974.pdf
_zTeclea aquí
901 _aBK
942 _cTESIS
942 _n0
999 _c108435
_d108435